| 000 | 00635cam a2200229 4500 | ||
|---|---|---|---|
| 008 | 090401t1989 xxu||||| |||| 00| 0 eng d | ||
| 020 | _a0854064397 | ||
| 035 | _a(Sirsi) u49825 | ||
| 041 | _aeng | ||
| 050 | _a382.9142 | ||
| 090 | _aRICS 1989/62ABCD | ||
| 100 | _aTreays, Michael | ||
| 245 | _a1992: a general practice guide to the single European market | ||
| 260 |
_aLondon _bRoyal Institution of Chartered Surveyors _c1989 |
||
| 300 | _a101p. : ill.,maps ; 30cm. | ||
| 350 | _a25 | ||
| 650 | _aABOUT RICS-RICS MEMBERS | ||
| 650 | _aEUROPEAN COMMUNITY | ||
| 650 | _aSINGLE MARKET | ||
| 942 | _n0 | ||
| 948 | _c04/03/1997 | ||
| 999 |
_c92601 _d92601 |
||